| Поле | Инд. | ПП | Название | Значение |
|---|---|---|---|---|
| Тип записи | a | |||
| Библиографический уровень | m | |||
| 001 | Контрольный номер | 1f4deb38-8c0a-4000-b239-ec854a1b8675 | ||
| 005 | Дата корректировки | 20140703141739.5 | ||
| 008 | Кодируемые данные | 051212 | ||
| 020 | a | ISBN | 5-94356-282-6 | |
| c | Цена, тираж | 24.00 | ||
| 040 | a | Служба первич. каталог. | НБ ТвГУ | |
| 041 | a | Код языка текста | rus | |
| 080 | a | Индекс УДК | 530.145.6(075.8) | |
| 084 | a | Индекс другой классификации/Индекс ББК | В314я73-1 | |
| 090 | x | Авторский знак | Л24 | |
| a | Полочн. индекс | В314 | ||
| 100 | 1_ | a | Автор | Лапушонок Лев Юльевич |
| 245 | 10 | a | Заглавие | Введение в квантовую механику |
| b | Продолж. заглавия | учеб. пособие | ||
| c | Ответственность | Л. Ю. Лапушонок ; Федерал. агентство по образованию, Новосиб. гос. ун-т, Фак. информ. технологий | ||
| 260 | 0_ | a | Место издания | Новосибирск |
| b | Издательство | Новосибирский гос. ун-т | ||
| c | Дата издания | 2005 | ||
| 300 | a | Объем | 117 с. | |
| b | Иллюстрации/ тип воспроизводства | ил. | ||
| 583 | a | Действие | Получение впервые 403 12.12.2005 | |
| k | Исполнитель действия | обмен | ||
| 650 | a | Основная рубрика | Физика теоретическая | |
| 650 | a | Основная рубрика | Квантовая механика | |
| 653 | a | Ключевые слова | Квантовая механика | |
| 852 | t | Порядковый номер экземпляра | 1 | |
| p | Инвентарный номер | 828613 | ||
| 863 | t | 00115834 | ||
| 888 | a | Бесплатные | ||
| 930 | a | Новая/Ретро | учебники | |
| 952 | p | 403.2005 24.00 1 828613 | ||
| c | Вид литературы | К ру | ||
| 954 | a | Дата поступления на обработку | 20060123 | |
| 999 | a | Подразделение 2 | Фил3 |